000 02771cam a22004694i 4500
003 PE-LiUPU
005 20250731183422.0
008 150625s2006 mx a r 000 0 spa d
020 _a9682477395
020 _a9789682477393
035 _a(Sirsi) i9789682477393
040 _aPE-LiUPU
_bspa
_cPE-LiUPU
_erda
049 _aPRUA
082 0 4 _a743.846
_bM26
_221
100 1 _aMarín de L'Hotellerie, José Luis,
_eautor.
245 1 0 _aCroquis a lápiz :
_bdel paisaje rural y urbano /
_cJosé Luis Marín de L.'Hotellerie.
250 _a2a edición.
264 1 _aMéxico :
_bTrillas,
_c2006.
300 _a114 páginas :
_bilustraciones ;
_c21 centímetros
336 _atext
_2rdacontent
337 _aunmediated
_2rdamedia
338 _avolume
_2rdacarrier
505 0 _aOrientación general -- Materiales -- Desarrollo de técnicas -- Trazos habituales -- Cómo usar una cuadrícula para mejorar la copia al natural -- Perspectiva -- Perspectiva con un punto de fuga -- Perspectiva con dos puntos de fuga -- Perspectiva con tres puntos de fuga -- Distancia -- Tipologías del croquis -- Croquis rápidos -- Sensibilidad de la línea -- Croquis de interiores -- Cuaderno de croquis -- Calidad -- Técnicas y calidades -- Técnicas tonales.
526 _aP158
526 _aP146
526 _aP17
526 _aP12
526 _aP06
541 _g0020-0000433;
541 _g015-0010011;
650 0 4 _aDibujo
_vinstrucción.
942 _2ddc
_cBOOK
949 _a743.846 M26
_wDEWEY
_c1
_i59341
_lCCODEBUL1
_mBUL
_p19.00
_r0
_sY
_tBOOK
_u2015-6-25
_xINGENIERIA
_PP06
_0COMPRA
_o.STAFF. Colección General
949 _a743.846 M26
_wDEWEY
_c2
_i72924
_d2016-11-8
_e2016-11-2
_mBUL
_n5
_p18.16
_r0
_sY
_tBOOK
_u2016-5-3
_xINGENIERIA
_PP06
_0COMPRA
_o.STAFF. Colección General 3
949 _a743.846 M26 2006
_wDEWEY
_c1
_iFJ06737
_lCCODEBUJ1
_mBUJ
_p19.20
_r0
_sY
_tBOOK
_u2017-08-17
_xINGENIERIA
_PP25
_0COMPRA
_o.STAFF -- Colección General Juliaca
994 _aC0
_bPEPRU
596 _a1 3
999 _a743.846 M26 2006
_wDEWEY
_c48130
_iFJ06737
_d48130
_e2019-10-3
_f2022-2-1
_g4
_lCCODEBUJ1
_mBUJ
_n9
_p19.20
_q13
_r0
_sY
_tBOOK
_u2017-2-13
_xINGENIERIA
_PP25
_0COMPRA
_o.STAFF. Colección General Juliaca
999 _a743.846 M26
_wDEWEY
_c1
_i59341
_d2018-8-13
_e2018-5-27
_f2021-11-5
_g8
_lCCODEBUL1
_mBUL
_n9
_p19.00
_q1
_r0
_sY
_tBOOK
_u2015-6-25
_xBIBLIOTECA
_PP06
_0COMPRA
_o.STAFF. Colección General
999 _a743.846 M26
_wDEWEY
_c2
_i72924
_d2018-10-17
_e2018-6-3
_f2021-11-10
_g7
_lCCODEBUL1
_mBUL
_n8
_p18.16
_q7
_r0
_sY
_tBOOK
_u2016-5-3
_xINGENIERIA
_PP06
_0COMPRA
_o.STAFF. Colección General 3
980 _81
_gALBERTO SANCHEZ Responsable de Automatización